Countries with Lidl - Statistics

General Stats
  • This quiz has been taken 243 times
  • The average score is 26 of 31
Answer Stats
Lidl-Country % Correct
Germany
96%
Sweden
92%
United Kingdom
92%
France
91%
Spain
90%
Austria
89%
Finland
89%
Italy
89%
Netherlands
89%
Poland
89%
Belgium
88%
Denmark
88%
United States
88%
Portugal
87%
Switzerland
84%
Ireland
82%
Slovakia
82%
Croatia
80%
Czech Republic
80%
Hungary
80%
Slovenia
80%
Greece
79%
Luxembourg
79%
Serbia
79%
Bulgaria
78%
Estonia
78%
Latvia
78%
Lithuania
77%
Romania
77%
Malta
58%
Cyprus
52%
No matching quizzes found
Score Distribution
Percent of People with Each Score
Percentile by Number Answered
Your Score History
You have not taken this quiz